Statystyki dla Kraj najbardziej na północ według wskazówki

Kliknij tutaj aby rozwiązać quiz!

Ogólne statystyki

  • Ten quiz został rozwiązany 10 razy
  • Średni wynik to 9 z 20

Statystyki odpowiedzi

Najbardziej na północ wysunięty kraj, który...SzerokośćOdpowiedż% Poprawnych
zaczyna się na N80.8 °NNorwegia
100%
ma angielski jako język urzędowy83.1 °NKanada
88%
graniczy z Niemcami57.8 °NDania
75%
ma tygrysy żyjące na wolności81.9 °NRosja
63%
jest w całości na wyspach67.1 °NIslandia
50%
jest śródlądowy56.1 °NBiałoruś
38%
graniczy z Morzem Śródziemnym51.1 °NFrancja
38%
ma większość muzułmańskiej ludności55.7 °NKazachstan
38%
jest w Ameryce Południowej15.8 °NKolumbia
38%
to kraj wyspiarski dotykający Karaibów23.3 °NKuba
38%
była dawną częścią Jugosławii46.9 °NSłowenia
38%
graniczy z Demokratyczną Republiką Kongo12.2 °NSudan Południowy
38%
ma włoski jako język urzędowy47.8 °NSzwajcaria
38%
jest w Afryce37.5 °NTunezja
38%
ma na swoim terytorium dzikie słonie53.6 °NChiny
25%
bez gór powyżej 1000 metrów59.8 °NEstonia
25%
BEZ lodowców70.1 °NFinlandia
25%
z czterema literami w nazwie39.8 °NIran
25%
to kraj wyspiarski na Pacyfiku45.5 °NJaponia
25%
mówi głównie po hiszpańsku (innym niż Hiszpania)32.7 °NMeksyk
25%

Rozkład punktacji

Percentyl według liczby udzielonych odpowiedzi

Procent ludzi z każdym wynikiem

Twoja historia wyników

Nie rozwiązałeś tego quizu